Guide to philosophy
Contents: Part 1. Theory of knowledge; Part 2. Critical metaphysics; Part 3. Constructive metaphysics
Đã lưu trong:
| Hovedforfatter: | |
|---|---|
| Format: | Bog |
| Sprog: | Undetermined |
| Udgivet: |
New York
Random house
[1936]
|
| Fag: | |
| Tags: |
Tilføj Tag
Ingen Tags, Vær først til at tagge denne postø!
|
| Thư viện lưu trữ: | Trung tâm Học liệu Trường Đại học Cần Thơ |
|---|
| LEADER | 00602nam a2200193Ia 4500 | ||
|---|---|---|---|
| 001 | CTU_222304 | ||
| 008 | 210402s9999 xx 000 0 und d | ||
| 082 | |a 100 | ||
| 082 | |b J62 | ||
| 100 | |a Joad, C. E. M. | ||
| 245 | 0 | |a Guide to philosophy | |
| 245 | 0 | |c C. E. M. Joad | |
| 260 | |a New York | ||
| 260 | |b Random house | ||
| 260 | |c [1936] | ||
| 520 | |a Contents: Part 1. Theory of knowledge; Part 2. Critical metaphysics; Part 3. Constructive metaphysics | ||
| 650 | |a Philosophy,Triết học | ||
| 904 | |i Nguyễn An Khang,Hải | ||
| 980 | |a Trung tâm Học liệu Trường Đại học Cần Thơ | ||